[Event "1st WinTV Open"]
[Site "Chennai IND"]
[Date "2004.01.22"]
[Round "2"]
[White "Chole,V"]
[Black "Krishna,CK"]
[Result "0-1"]
[WhiteElo "2095"]
[BlackElo "2196"]

1.e4 c5 2.c3 Nf6 3.d3 Nc6 4.Nf3 d6 5.Nbd2 g6 6.Be2 Bg7 7.O-O O-O 8.Re1 e5
9.a3 d5 10.Qc2 b6 11.b4 Bb7 12.bxc5 bxc5 13.Nb3 Qe7 14.a4 dxe4 15.dxe4 Rac8
16.Ba3 Nd8 17.Nfd2 Ne6 18.Na5 Ba8 19.f3 Qc7 20.Ndc4 Nd7 21.Qd2 Rcd8 22.Qc2 Bh6
23.Red1 Nf4 24.Bf1 f5 25.g3 Ne6 26.Bh3 Ng5 27.Bg2 fxe4 28.fxe4 Nf3+ 29.Kh1 Ng5
30.h4 Ne6 31.Rd6 Ng7 32.Rad1 Nh5 33.Kh2 Ndf6 34.Rxd8 Rxd8 35.Rxd8+ Qxd8 36.Nxe5 Qxa5
37.Qb3+ Kh8 38.Qb8+ Kg7 39.Qxa8 Qc7 40.Bxc5 Qxc5 41.Qb7+ Kg8 42.Qf7+ Kh8
43.Qe6 Kg7 44.Nf7 Qxc3 45.Nxh6 Qxg3+ 46.Kh1 Qxh4+ 47.Qh3 Qxh3+ 48.Bxh3 Kxh6  0-1

[Event "1st WinTV Open"]
[Site "Chennai IND"]
[Date "2004.01.22"]
[Round "2"]
[White "Shrestha,K"]
[Black "Poobesh Anand,S"]
[Result "1/2-1/2"]
[WhiteElo "2196"]
[BlackElo "2360"]

1.e4 c5 2.c3 Nf6 3.e5 Nd5 4.d4 cxd4 5.Nf3 Nc6 6.Bc4 Nb6 7.Bb3 d6 8.exd6 e6
9.cxd4 Bxd6 10.Nc3 O-O 11.O-O Be7 12.Re1 Bf6 13.Be3 Nd5 14.Ne4 Nxe3 15.fxe3 Be7
16.Rc1 Bd7 17.Nc5 Bxc5 18.Rxc5 Qe7 19.Qd3 Rfd8 20.Qe4 g6 21.Rf1 f5 22.Qf4 b6
23.Rc3 Na5 24.Rfc1 Nxb3 25.Rxb3 Rdc8 26.Rbc3 Rxc3 27.Rxc3 Rc8 28.Rc7 e5 29.Qxe5 Qxe5
30.Rxc8+ Bxc8 31.Nxe5 Be6 32.a3 Kg7 33.Kf2 Kf6 34.h4 h6 35.g3 g5 36.hxg5+ hxg5
37.Ke2 Bd5 38.Kd3 Ke6 39.Kc2 Bb7 40.Nc4 Kd5 41.Nd2 Ba6 42.Nf3 Ke4 43.Nxg5+ Kxe3
44.d5 Bc8 45.Ne6 Ke4 46.b4 b5  1/2-1/2

[Event "1st WinTV Open"]
[Site "Chennai IND"]
[Date "2004.01.22"]
[Round "3"]
[White "Ravi,Th"]
[Black "Timoshenko,G"]
[Result "1/2-1/2"]
[WhiteElo "2353"]
[BlackElo "2564"]

1.e4 c5 2.c3 Nf6 3.e5 Nd5 4.d4 cxd4 5.Nf3 Nc6 6.cxd4 d6 7.Bc4 Nb6 8.Bb5 dxe5
9.Nxe5 Bd7 10.Bxc6 Bxc6 11.Nxc6 bxc6 12.O-O g6 13.Re1 Bg7 14.Bg5 O-O 15.Bxe7 Qxd4
16.Nc3 Qxd1 17.Raxd1 Rfe8 18.Bc5 Nc4 19.Rxe8+ Rxe8 20.Na4 Nxb2 21.Nxb2 Bxb2
22.Bxa7 Kg7 23.Kf1 Re4 24.Be3 Ra4 25.Rd2 Be5 26.Rc2 Ra6 27.h3 f5 28.Ke2 Kf6
29.a4 Ke6 30.Rc4 Kd5 31.Kd3 Bd6 32.g4 fxg4 33.Rd4+ Ke6 34.Re4+ Kd7 35.hxg4 c5
36.g5 Kc6 37.Bf4 Bxf4 38.Rxf4 Kd5 39.Rf7 Rxa4 40.Rd7+ Ke6 41.Rc7 Kd5 42.Rd7+ Ke5
43.Rxh7 Kf5 44.Rc7 Ra3+ 45.Kc4 Kxg5 46.Rxc5+ Kg4 47.Kd4 Rf3 48.Rc2 Kf4  1/2-1/2

[Event "Open"]
[Site "Praha CZE"]
[Date "2004.01.22"]
[Round "8"]
[White "Navratil,J"]
[Black "Kubikova,H"]
[Result "1-0"]
[WhiteElo "2185"]
[BlackElo "2124"]

1.e4 c5 2.c3 Nf6 3.e5 Nd5 4.d4 cxd4 5.Nf3 e6 6.cxd4 b6 7.Be2 Bb7 8.O-O d6
9.Re1 Nd7 10.Nbd2 dxe5 11.dxe5 Be7 12.Qa4 Nb4 13.Nf1 Bc6 14.Qb3 O-O 15.a3 Nd5
16.Qc4 Qc7 17.Bd3 Nc5 18.Bc2 Rfd8 19.Qg4 f5 20.exf6 Nxf6 21.Qh3 Bd5 22.b4 Ncd7
23.Ne3 Nf8 24.Bb2 Rac8 25.Ng5 h6 26.Nf3 Qb7 27.Nd4 Bd6 28.Rad1 Qf7 29.Nxd5 Nxd5
30.Bb3 Nf4 31.Qf3 Bb8 32.Kf1 Rd6 33.Qg4 Kh8 34.g3 N4g6 35.Nxe6 Rxd1 36.Qxd1 Qb7
37.Bd5 Qa6+ 38.Kg1 Nxe6 39.Bxe6 Rf8 40.Qd7  1-0

[Event "Itau Cup 450th Ann"]
[Site "Sao Paulo BRA"]
[Date "2004.01.22"]
[Round "7"]
[White "Rosa,J"]
[Black "Nogueira,I"]
[Result "0-1"]
[WhiteElo "2092"]
[BlackElo "2251"]

1.e4 c5 2.c3 Nf6 3.e5 Nd5 4.d4 cxd4 5.Nf3 e6 6.Nxd4 Qc7 7.f4 a6 8.Bd3 g5
9.Qh5 Nxf4 10.Bxf4 gxf4 11.Nd2 d5 12.O-O Bg7 13.Rae1 Nc6 14.Nxc6 bxc6 15.Rxf4 Ra7
16.Nf3 h6 17.Rxf7 Qb6+ 18.Nd4 Rxf7 19.Bg6 O-O 20.Bc2 Rf2 21.Bb1 Rxb2 22.Qg6 Rf7
23.Kh1 c5 24.Nf3 d4 25.Qh7+ Kf8 26.Nh4 Rbf2 27.Kg1 c4 28.Bc2 Rf1+  0-1

[Event "Itau Cup 450th Ann"]
[Site "Sao Paulo BRA"]
[Date "2004.01.22"]
[Round "7"]
[White "Lima,Di"]
[Black "Coelho,L"]
[Result "0-1"]
[WhiteElo "2085"]
[BlackElo "2401"]

1.e4 c5 2.c3 Nf6 3.e5 Nd5 4.d4 cxd4 5.Bc4 Nb6 6.Bb3 Nc6 7.Bf4 d5 8.exd6 e5
9.Qh5 Qf6 10.Bg3 Bxd6 11.Nf3 Bf5 12.cxd4 Bb4+ 13.Nc3 exd4 14.O-O dxc3 15.Rfe1+ Kf8
16.bxc3 Bxc3 17.Bd6+ Kg8 18.Ng5 Bg6 19.Qe2 Bxe1 20.Rxe1 Qxd6  0-1

[Event "1st WinTV Open"]
[Site "Chennai IND"]
[Date "2004.01.24"]
[Round "5"]
[White "Ravi,Th"]
[Black "Neelotpal,D"]
[Result "0-1"]
[WhiteElo "2353"]
[BlackElo "2461"]

1.e4 c5 2.c3 Nf6 3.e5 Nd5 4.d4 cxd4 5.Nf3 e6 6.cxd4 d6 7.Bc4 Nc6 8.O-O Be7
9.Qe2 O-O 10.Rd1 Re8 11.Bd2 a6 12.Nc3 Nxc3 13.Bxc3 dxe5 14.dxe5 Qc7 15.Bd3 b5
16.Rac1 Bb7 17.h4 Rad8 18.h5 b4 19.Bd2 Qa5 20.Qe4 g6 21.hxg6 hxg6 22.Bb1 Qb5
23.Qf4 Rd5 24.Re1 Red8 25.Be4 R5d7 26.Qg3 Nd4 27.Bxg6 Nxf3+ 28.gxf3 fxg6
29.Qxg6+ Kh8 30.Qh6+ Kg8 31.Qxe6+ Kh8 32.Qh6+ Kg8 33.Qg6+ Kh8 34.Qh6+ Kg8  0-1

[Event "TCh-AUT 2003-4"]
[Site "Velden AUT"]
[Date "2004.01.24"]
[Round "6"]
[White "Wach,M"]
[Black "Wukits,R"]
[Result "1-0"]
[WhiteElo "2359"]
[BlackElo "2301"]

1.e4 c5 2.c3 Nf6 3.e5 Nd5 4.Nf3 Nc6 5.Bc4 Nb6 6.Be2 g6 7.d4 cxd4 8.cxd4 Bg7
9.Nc3 d6 10.exd6 Qxd6 11.Nb5 Qd8 12.d5 Nb4 13.d6 O-O 14.Bg5 f6 15.Qb3+ N4d5
16.Nc7 Qxd6 17.Nxa8 Nxa8 18.Be3 e5 19.O-O Be6 20.Rfd1 b6 21.Rac1 Rd8 22.Bc4 Nac7
23.a4 Bf8 24.Nd2 Qb4 25.Ne4 Kf7 26.Qxb4 Bxb4 27.Bxd5 Nxd5 28.Rc7+ Nxc7 29.Rxd8 Be7
30.Rd1 Nd5 31.Bd2 a5 32.Nc3 Nc7 33.Be3 Na8 34.Nd5 Bd8 35.f3 f5 36.Kf1 Bc8
37.Ke1 Ke8 38.Kd2 Kd7 39.Kc3 Kc6 40.b4 axb4+ 41.Nxb4+ Kc7 42.Bh6 Bd7 43.Nd5+ Kc8
44.Kb4 Bc6 45.Bg7 e4 46.fxe4 fxe4 47.g3 Kb7 48.Be5 Bg5 49.h4 Bh6 50.Bf4 Bf8+
51.Kb3 Bc5 52.Nb4 Be8 53.Rd8 Nc7 54.Nd5 Bf7 55.Rd7 Bxd5+ 56.Kc3 h5 57.Rxc7+ Ka6
58.Rg7 Bc6 59.Rxg6 Bxa4 60.Re6 Kb5 61.Rxe4 Bd1 62.Be3 Bxe3 63.Rxe3 Kc5 64.Re5+ Kd6
65.Kd4 b5 66.Rxb5 Ke6 67.Ke4 Kf6 68.Rb6+ Kg7 69.Kf5 Bg4+ 70.Ke4  1-0

[Event "1st WinTV Open"]
[Site "Chennai IND"]
[Date "2004.01.25"]
[Round "6"]
[White "Shrestha,K"]
[Black "Iswarya,S"]
[Result "0-1"]
[WhiteElo "2196"]
[BlackElo "2057"]

1.e4 c5 2.c3 Nf6 3.e5 Nd5 4.d4 cxd4 5.Nf3 e6 6.cxd4 Qc7 7.Be2 b6 8.O-O Bb7
9.Bd2 Be7 10.Nc3 Nxc3 11.bxc3 O-O 12.Bd3 d6 13.Re1 Nd7 14.exd6 Qxd6 15.Qe2 Rfd8
16.a4 Nf6 17.Ne5 Rac8 18.Reb1 Qc7 19.f4 Bd6 20.Rf1 Nd5 21.Rac1 g6 22.Qf2 f5
23.Rfe1 Nf6 24.Re2 Ne4 25.Bxe4 Bxe4 26.Ree1 Ba3 27.Rcd1 Bb2 28.Be3 Bxc3 29.Re2 Bb4
30.Qh4 Qe7 31.Qh6 Qg7 32.Qg5 Rd5 33.h3 Ra5 34.Kh2 Rxa4 35.Rc1 Rxc1 36.Bxc1 Be7
37.Qg3 Ra5 38.Qc3 Qf8 39.Nc6 Rd5 40.Nxe7+ Qxe7 41.Ba3 Qd8 42.Rd2 Kf7 43.Qg3 a5
44.Qc3 b5 45.Bb2 b4 46.Qc4 Qb8 47.Rf2 a4 48.Ba1 a3 49.Qb3 Qb5  0-1

[Event "1st WinTV Open"]
[Site "Chennai IND"]
[Date "2004.01.27"]
[Round "8"]
[White "Dinesh Kumar,G"]
[Black "Iswarya,S"]
[Result "1-0"]
[WhiteElo "2191"]
[BlackElo "2057"]

1.e4 c5 2.c3 Nf6 3.e5 Nd5 4.d4 cxd4 5.Nf3 e6 6.cxd4 Qc7 7.Bd2 b6 8.Nc3 Nxc3
9.bxc3 Be7 10.Bd3 Ba6 11.Qe2 Bxd3 12.Qxd3 Nc6 13.O-O Na5 14.Ng5 Bxg5 15.Bxg5 h6
16.Bc1 Rc8 17.Qg3 g6 18.Be3 Nc4 19.Bc1 Na5 20.h4 Qxc3 21.Be3 Qc7 22.h5 Rg8
23.Bxh6 Nc6 24.Be3 Ne7 25.h6 Nf5 26.Qg5 Qd8 27.Qxd8+ Kxd8 28.Bg5+ Ke8 29.g4 Nxd4
30.Bf6 Ne2+ 31.Kh2 Nc3 32.h7 Rf8 33.Rfe1  1-0

[Event "1st WinTV Open"]
[Site "Chennai IND"]
[Date "2004.01.28"]
[Round "9"]
[White "Chole,V"]
[Black "Lakshmanrao,D"]
[Result "0-1"]
[WhiteElo "2095"]
[BlackElo "2222"]

1.e4 c5 2.c3 Nf6 3.d3 Nc6 4.Nf3 d6 5.g3 g6 6.Bg2 Bg7 7.O-O O-O 8.h3 Rb8 9.Be3 e5
10.a3 b6 11.b4 a5 12.b5 Ne7 13.c4 Ne8 14.Nc3 Nc7 15.Rc1 Ne6 16.Ng5 h6 17.Nxe6 Bxe6
18.Qd2 Kh7 19.g4 f5 20.f3 Rb7 21.Qe1 Ng8 22.exf5 gxf5 23.f4 Rbf7 24.Qg3 fxg4
25.hxg4 exf4 26.Bxf4 Bd4+ 27.Kh1 Rg7 28.Bh3 Qd7 29.Ne2 Bxg4 30.Bxg4 Rxg4
31.Qh3 Re8 32.Nxd4 cxd4 33.Bg3 Re7 34.Rce1 Reg7 35.Rf3 Qb7 36.Bxd6 Rh4 37.Re4 Rxh3+
38.Rxh3  0-1

[Event "1st WinTV Open"]
[Site "Chennai IND"]
[Date "2004.01.30"]
[Round "11"]
[White "Ravi,Th"]
[Black "Lakshmanrao,D"]
[Result "1/2-1/2"]
[WhiteElo "2353"]
[BlackElo "2222"]

1.e4 c5 2.c3 Nf6 3.e5 Nd5 4.d4 cxd4 5.Nf3 Nc6 6.cxd4 d6 7.Bc4 Nb6 8.Bb5 dxe5
9.Nxe5 Bd7 10.Nxd7 Qxd7 11.Nc3 e6 12.O-O Be7 13.Qg4 O-O 14.Bxc6 bxc6 15.Bh6 Bf6
16.Rfd1 Kh8 17.Ne4 Qe7 18.Bg5 Bxg5 19.Nxg5 h6 20.Nf3 c5 21.Ne5 Rac8 22.Rd3 cxd4
23.Qxd4 Kg8 24.Rg3 Qf6 25.Rf3 Qd8 26.Qf4 Qg5 27.Qxg5 hxg5 28.Ra3 Rc7 29.Rd1 Nd5
30.h3 f6 31.Nf3 Rb8 32.Rd2 Rb6 33.g3 Kf7 34.Ra5 a6 35.Nd4 Ne7 36.Ne2 Nd5
37.a3 g6 38.Kg2 Rd6 39.Kh2 Ke7  1/2-1/2

[Event "1st WinTV Open"]
[Site "Chennai IND"]
[Date "2004.01.30"]
[Round "11"]
[White "Vedadri,K"]
[Black "Abhay,T"]
[Result "0-1"]
[WhiteElo "2071"]
[BlackElo "2208"]

1.e4 c5 2.c3 Nf6 3.e5 Nd5 4.d4 cxd4 5.Nf3 Nc6 6.cxd4 d6 7.Bc4 Nb6 8.Bb5 dxe5
9.Nxe5 Bd7 10.Bxc6 Bxc6 11.Nxc6 bxc6 12.O-O e6 13.Nc3 Be7 14.Qg4 Bf6 15.Rd1 O-O
16.Ne4 Nd5 17.Rd3 g6 18.Nxf6+ Qxf6 19.Rh3 Qf5 20.Qh4 h5 21.Rg3 f6 22.a4 Kf7
23.h3 Qc2 24.Rf3 Rab8 25.b4 Rxb4 26.Ba3 Rb1+ 27.Rxb1 Qxb1+ 28.Kh2 Rd8 29.Bc5 a5
30.Qg5 Kg7 31.Rxf6 Nxf6 32.Be7 Qb8+ 33.Qe5 Qxe5+ 34.dxe5 Rd4 35.Bxf6+ Kf7
36.g3 Rxa4 37.Kg2 Rb4  0-1

[Event "9th HIT Open"]
[Site "Nova Gorica SLO"]
[Date "2004.01.31"]
[Round "2"]
[White "Sveshnikov,E"]
[Black "Cvitan,O"]
[Result "1/2-1/2"]
[WhiteElo "2557"]
[BlackElo "2520"]

1.e4 c5 2.c3 Nf6 3.e5 Nd5 4.Nf3 e6 5.Bc4 d6 6.d4 cxd4 7.cxd4 Nc6 8.O-O Be7
9.Qe2 O-O 10.Re1 Na5 11.Bxd5 exd5 12.Nc3 Be6 13.Bf4 dxe5 14.Nxe5 Re8 15.Rad1 Bf8
16.Qf3 Rc8 17.h3 a6 18.Ng4 Nc4 19.b3 Na3 20.Re3 Nc2 21.Re2 Bxg4 22.hxg4 Rxe2
23.Nxe2 Nb4 24.Nc3 Qa5 25.g5 Rd8 26.Qg3 Rc8 27.Qh3 Rd8 28.Qg3 Rc8 29.Qh3 Rd8
30.Qg3  1/2-1/2

[Event "9th HIT Open"]
[Site "Nova Gorica SLO"]
[Date "2004.01.31"]
[Round "2"]
[White "Mikac,M"]
[Black "Srebrnic,V"]
[Result "1-0"]
[WhiteElo "2358"]
[BlackElo "2254"]

1.e4 c5 2.c3 Nf6 3.e5 Nd5 4.Nf3 e6 5.d4 cxd4 6.cxd4 d6 7.Bc4 Nc6 8.O-O Be7
9.Qe2 O-O 10.Re1 Nb6 11.Bb3 dxe5 12.dxe5 Nd4 13.Nxd4 Qxd4 14.Nc3 Bd7 15.Rd1 Qh4
16.Be3 Rfd8 17.Rd4 Bb5 18.Nxb5  1-0

[Event "1st WinTV Open"]
[Site "Chennai IND"]
[Date "2004.02.01"]
[Round "13"]
[White "Phoobalan,P"]
[Black "Ramu,K"]
[Result "0-1"]
[WhiteElo "2242"]
[BlackElo "2156"]

1.e4 c5 2.c3 Nf6 3.e5 Nd5 4.d4 cxd4 5.cxd4 e6 6.Nf3 b6 7.Bd3 Bb7 8.O-O d6
9.a3 Nd7 10.Qe2 Qc7 11.Bd2 Rc8 12.Nc3 Nxc3 13.Bxc3 dxe5 14.dxe5 Be7 15.Rad1 O-O
16.Bxh7+ Kxh7 17.Qd3+ Kg8 18.Qxd7 Bxf3 19.gxf3 Bxa3 20.Qa4 Qe7 21.Kh1 Qb7
22.Kg2 Bc5 23.Rg1 Rfd8 24.Rde1 b5 25.Qf4 b4 26.Bd2 Rd4 27.Re4 Rxe4 28.fxe4 Bd4
29.Kf3 f5 30.exf6 Bxf6 31.Qd6 Qf7 32.Ke2 a5 33.Rc1 Rd8 34.Qc7 Qh5+ 35.Ke1 Qf3
36.Qc6 Qh1+ 37.Ke2 Rxd2+ 38.Kxd2 Bg5+ 39.f4 Bxf4+ 40.Kd3 Qxc1 41.Qxe6+ Kh8
42.Qe8+ Kh7 43.Qh5+ Bh6 44.Qxa5 Qd2+  0-1

[Event "75th ch-GER"]
[Site "Hoeckendorf GER"]
[Date "2004.02.03"]
[Round "6"]
[White "Dausch,R"]
[Black "Stanke,J"]
[Result "1-0"]
[WhiteElo "2331"]
[BlackElo "2313"]

1.e4 c5 2.c3 Nf6 3.e5 Nd5 4.Nf3 e6 5.Bc4 d6 6.O-O Nc6 7.d4 cxd4 8.Bxd5 exd5
9.exd6 Bxd6 10.Re1+ Be6 11.Nxd4 O-O 12.Be3 Qh4 13.Nf3 Qh5 14.Nbd2 Rad8 15.Nf1 Bg4
16.Ng3 Bxg3 17.fxg3 Rfe8 18.h3 Bxf3 19.Qxf3 Qg6 20.Bf4 Re4 21.Red1 h6 22.Rd3 Qe6
23.g4 g5 24.Bg3 Re2 25.b3 Qe4 26.Rf1 Qxf3 27.Rdxf3 Rd7 28.R1f2 Re1+ 29.Kh2 Ree7
30.Rd2 d4 31.c4 Re4 32.Rf5 a6 33.Kg1 Kf8 34.Kf1 Ke7 35.Rff2 f6 36.Rfe2 Rxe2
37.Kxe2 Ke6 38.Kd3 Nb4+ 39.Ke4 Nc6 40.Bf2 Ne7 41.Rxd4 Rxd4+ 42.Bxd4 Nc6 43.Bc3 Nd8
44.Bb4 Nc6 45.Bf8 Kf7 46.Bc5 Ke6 47.g3 Ne5 48.Bf8 Nc6 49.Ba3 Ne5 50.Bb2 Nc6
51.Bc3 Ne7 52.a4 Nc8 53.Bb4 Nb6 54.Bc5 Nd7 55.Bd4 Nb8 56.b4 Nc6 57.b5 Ne7
58.Bb6 Ng6 59.Bc7 Ne7 60.Bb8 Nc8 61.a5 Ne7 62.Kd4 f5 63.Kc5 axb5 64.cxb5 fxg4
65.hxg4 Kd7 66.Be5 Nc8 67.a6 bxa6 68.bxa6  1-0

[Event "I Comunic IRT"]
[Site "Sao Paulo BRA"]
[Date "2004.02.04"]
[Round "1"]
[White "Maia,L"]
[Black "Alonso,N"]
[Result "1-0"]
[WhiteElo "2273"]
[BlackElo "2109"]

1.e4 c5 2.c3 Nf6 3.e5 Nd5 4.g3 d6 5.exd6 e6 6.Bg2 Bxd6 7.Nf3 O-O 8.O-O Nc6
9.d4 cxd4 10.Nxd4 Nxd4 11.Qxd4 Ne7 12.Rd1 Nf5 13.Qd3 Be7 14.Qe2 Qb6 15.Nd2 Rd8
16.Nc4 Rxd1+ 17.Qxd1 Qc7 18.Qe2 Bd7 19.Bf4 Qc8 20.Na5 b6 21.Bb7 Qe8 22.Bxa8 Qxa8
23.Rd1 Be8 24.Nb3 Bc6 25.Qe5 Bf3 26.Rd3 Nd6 27.Rxd6 Bh1 28.f3 Qxf3 29.Rd2 h6
30.Nd4 Bc5 31.Qxc5 Qe4 32.Qe5 Qb1+ 33.Kf2 Be4 34.Bxh6 gxh6 35.Nxe6 fxe6 36.Qxe6+ Kf8
37.Qf6+  1-0

[Event "AS04 Centenary"]
[Site "Copenhagen DEN"]
[Date "2004.02.07"]
[Round "1"]
[White "Rozentalis,E"]
[Black "Skovgaard,P2"]
[Result "1-0"]
[WhiteElo "2625"]
[BlackElo "2035"]

1.e4 c5 2.c3 Nf6 3.e5 Nd5 4.Nf3 e6 5.Bc4 b6 6.O-O Ba6 7.d3 d6 8.Bxa6 Nxa6
9.Qa4+ Qd7 10.Qxa6 Nc7 11.Qc4 d5 12.Qg4 h5 13.Qg3 O-O-O 14.Bg5 Be7 15.Bxe7 Qxe7
16.Qxg7 Rdg8 17.Qf6 Qd7 18.h3 Ne8 19.Qf4 Rg6 20.Nh4 Rg7 21.Nd2 Qe7 22.Ndf3 f6
23.exf6 Nxf6 24.Rae1 Rhg8 25.Re2 Nd7 26.Rfe1 Rf7 27.Qh6 Nf8 28.Qxh5 Rh7 29.Qxd5 Qf7
30.Rxe6  1-0

[Event "I Comunic IRT"]
[Site "Sao Paulo BRA"]
[Date "2004.02.07"]
[Round "5"]
[White "Maia,L"]
[Black "Carvalho,H"]
[Result "1-0"]
[WhiteElo "2273"]
[BlackElo "2175"]

1.e4 c5 2.c3 Nf6 3.e5 Nd5 4.g3 d6 5.exd6 e6 6.Bg2 Bxd6 7.Nf3 Nc6 8.O-O O-O
9.d4 cxd4 10.Nxd4 Nce7 11.Nd2 e5 12.N4b3 Bc7 13.Nc4 b5 14.Ne3 Bb7 15.Qe2 Nxe3
16.Bxe3 Bxg2 17.Kxg2 Qd5+ 18.Kg1 a5 19.Rfd1 Qc6 20.Rac1 f5 21.c4 b4 22.Bc5 Rf7
23.Bxe7 Rxe7 24.Nd4 Qf6 25.Nb5 e4 26.Nxc7 Rxc7 27.Rd5 Re7 28.c5 h6 29.c6 Rc7
30.Qc4 Kh7 31.Rd7 Rac8 32.Rxc7 Rxc7 33.Qd5 a4 34.b3 Qg5 35.Rc2 e3 36.Qd6 axb3
37.axb3 e2 38.Qxb4 Qf6 39.Qe1 Rxc6 40.Rxc6 Qxc6 41.Qxe2 Qc1+ 42.Qf1 Qc3 43.Qc4 Qa1+
44.Qf1 Qb2 45.Qd3 Qc1+ 46.Kg2 Qc6+ 47.Qf3 Qb5 48.h4 Kg6 49.Qc3 Qd5+ 50.Kh2 Qb7
51.b4 Kh5 52.Qe5 Qf3 53.Qe3 Qc6 54.Qe5 Qf3 55.Qe8+ g6 56.Qe3 Qd1 57.Kg2  1-0

[Event "FSIM February"]
[Site "Budapest HUN"]
[Date "2004.02.09"]
[Round "3"]
[White "Vajda,AlI"]
[Black "Werner,Di"]
[Result "0-1"]
[WhiteElo "2201"]
[BlackElo "2349"]

1.e4 c5 2.c3 Nf6 3.e5 Nd5 4.d4 cxd4 5.Nf3 Nc6 6.Bc4 Nb6 7.Bb3 d5 8.exd6 Qxd6
9.Na3 a6 10.Nxd4 Nxd4 11.Qxd4 Qxd4 12.cxd4 e6 13.Nc2 Bd7 14.O-O Bc6 15.Ne3 Rd8
16.Rd1 Be7 17.Ng4 Ba4 18.Bxa4+ Nxa4 19.Be3 f6 20.h3 Rd7 21.Rd2 Kf7 22.Rc1 Nb6
23.Nh2 h5 24.Nf3 g5 25.Ne1 Bb4 26.Rdc2 Bxe1 27.Rxe1 Nd5 28.Rec1 g4 29.hxg4 hxg4
30.Bd2 Kg6 31.Kf1 Kf5 32.Ke2 Rh2 33.Rg1 Ke4 34.Bc3 Nf4+ 35.Kf1 Rg7 36.Bd2 Nd5
37.Bc3 Kf5 38.Ke2 Rc7 39.Kd1 g3 40.Ke1 gxf2+ 41.Rxf2+ Kg6 42.Kd2 Rc6 43.Kd3 Rh8
44.Rf3 Kf7 45.Kd2 Rg8 46.Rh3 Rg7 47.Rf3 b5 48.a3 Rg4 49.g3 a5 50.Bxa5 Rxd4+
51.Rd3 Rdc4 52.Bc3 Rg4 53.Rh1 Kg7 54.Rf3 Rcc4 55.Re1 Kf7 56.Ref1 Rg6 57.Rh1 Kg7
58.Re1 Rc6 59.Bd4 Ne7 60.Rfe3 Rd6 61.Rd3 Nf5 62.Bf2 Rxd3+ 63.Kxd3 e5 64.Rg1 Rg4
65.Kc3 Nd6 66.Kb3 Ne4 67.Be1 Nc5+ 68.Kc2 Rc4+ 69.Kd2 Kg6 70.Rg2 Kf5 71.Rh2 Rd4+
72.Ke2 Re4+ 73.Kd2 Rd4+ 74.Kc2 Rc4+ 75.Kd2 Ne4+ 76.Ke3 Ng5 77.Rh4 Rc1 78.Bb4 Rg1
79.Kf2 Rb1 80.Bc3 Ne4+ 81.Kg2 Rc1 82.g4+ Kg5 83.Rh8 Kxg4 84.Rb8 Rc2+ 85.Kg1 Kf3
86.Rxb5 Ng3 87.Be1 Rg2+  0-1

[Event "12th Fajr Open"]
[Site "Isfahan IRI"]
[Date "2004.02.10"]
[Round "7"]
[White "Mahjoob,M"]
[Black "Pashikian,A"]
[Result "1/2-1/2"]
[WhiteElo "2457"]
[BlackElo "2451"]

1.e4 c5 2.c3 Nf6 3.e5 Nd5 4.Nf3 e6 5.d4 cxd4 6.cxd4 b6 7.a3 Bb7 8.Bd3 Be7
9.O-O O-O 10.Re1 f5 11.exf6 Nxf6 12.Nc3 Qe8 13.Ng5 h6 14.Nge4 Nxe4 15.Nxe4 Na6
16.Qg4 Kh8 17.Ng3 Qf7 18.Be3 Nc7 19.Nh5 Nd5 20.Rf1 Rac8 21.Bg6 Nf6 22.Nxf6 Qxf6
23.Bd3 Bd5 24.Rac1 Bd6 25.Be4 Bxe4 26.Qxe4  1/2-1/2

[Event "AS04 Centenary"]
[Site "Copenhagen DEN"]
[Date "2004.02.11"]
[Round "5"]
[White "Rozentalis,E"]
[Black "Ernst,T"]
[Result "1/2-1/2"]
[WhiteElo "2625"]
[BlackElo "2447"]

1.e4 c5 2.c3 Nf6 3.e5 Nd5 4.Nf3 Nc6 5.Bc4 Nb6 6.Bb3 d5 7.exd6 Qxd6 8.O-O Be6
9.Qe2 Bxb3 10.axb3 e6 11.Rd1 Be7 12.d4 O-O 13.dxc5 Qxc5 14.Be3 Qf5 15.Bxb6 axb6
16.Rxa8 Rxa8 17.b4 Ra1 18.Na3 Rxd1+ 19.Qxd1 Qd5 20.Qxd5 exd5 21.Nc2 Bd6 22.Ne3 Ne7
23.g3 f5 24.Nd4 g6 25.f4 Kf7 26.Kf2 h6 27.h4 Kf6 28.Nf3 Ke6 29.Ke2 Bb8 30.Kd3 Bd6
31.Kc2 Nc6 32.Kd3 Ne7 33.b3 Bb8 34.c4 dxc4+ 35.Kxc4 Nc6 36.b5 Ne7 37.Nc2 Bd6
38.Ncd4+ Kf6 39.b4 Bb8 40.Ne2 Bc7 41.Nc3 Bd6 42.Na4  1/2-1/2

[Event "AS04 Centenary"]
[Site "Copenhagen DEN"]
[Date "2004.02.11"]
[Round "5"]
[White "Hansen,LH"]
[Black "Jakobsen,O"]
[Result "0-1"]
[WhiteElo "2097"]
[BlackElo "2388"]

1.e4 c5 2.c3 Nf6 3.e5 Nd5 4.d4 cxd4 5.cxd4 d6 6.Nf3 Nc6 7.Bc4 Nb6 8.Bxf7+ Kxf7
9.Ng5+ Kg8 10.Qf3 Qe8 11.e6 Nd8 12.d5 h6 13.Nh3 Nxd5 14.Qxd5 Bxe6 15.Qe4 Qc6
16.Qxc6 bxc6 17.Nf4 Bf7 18.O-O g5 19.Ne2 Bg7 20.Nbc3 Rb8 21.Ng3 Bg6 22.f4 gxf4
23.Rxf4 Ne6 24.Ra4 Kh7 25.Nge2 Rb7 26.Be3 Rxb2 27.Rc1 Ra8 28.Ra6 Bd3  0-1

[Event "X Open"]
[Site "Coria del Rio ESP"]
[Date "2004.02.12"]
[Round "2"]
[White "Khamrakulov,I"]
[Black "Perez Perez,M"]
[Result "1-0"]
[WhiteElo "2452"]
[BlackElo "2010"]

1.e4 c5 2.c3 Nf6 3.e5 Nd5 4.Nf3 Nc6 5.d4 cxd4 6.cxd4 d6 7.exd6 Qxd6 8.h3 Bf5
9.a3 Rc8 10.Nbd2 Qe6+ 11.Qe2 Qxe2+ 12.Bxe2 Nf4 13.g4 Nxe2 14.Kxe2 Be6 15.b4 g6
16.Bb2 Bg7 17.Rhf1 O-O 18.Ke3 f5 19.Rg1 f4+ 20.Kd3 Rc7 21.Rac1 Rd7 22.b5 Na5
23.Rge1 Bd5 24.Ne5 Bxe5 25.Rxe5 b6 26.Bc3 Rc8 27.Rce1 Kf7 28.Bb4 e6 29.Bxa5 bxa5
30.Ne4 Bc4+ 31.Kc3 Bxb5+ 32.Nc5 Rd6 33.R1e4 Bf1 34.Rxf4+ Ke7 35.g5 Rc7 36.Re1 Bg2
37.f3 Kd8 38.Rf8+ Ke7 39.Rh8 Bxf3 40.Rf1 e5 41.Rxf3  1-0

[Event "AS04 Centenary"]
[Site "Copenhagen DEN"]
[Date "2004.02.13"]
[Round "7"]
[White "Royset,P"]
[Black "Paaske,A"]
[Result "1-0"]
[WhiteElo "2254"]
[BlackElo "2165"]

1.e4 c5 2.c3 Nf6 3.e5 Nd5 4.d4 cxd4 5.Nf3 Nc6 6.cxd4 d6 7.Bc4 Nb6 8.Bb3 dxe5
9.d5 Na5 10.Nc3 Nxb3 11.Qxb3 e6 12.Nxe5 exd5 13.Be3 Bd6 14.Qb5+ Kf8 15.f4 Be6
16.O-O Kg8 17.Rad1 h6 18.Bd4 Bxe5 19.Bxe5 Qd7 20.Qd3 Nc4 21.Qg3 Nxe5 22.fxe5 Qc6
23.h3 g6 24.Kh2 Kh7 25.Rd4 Rad8 26.Rfd1 Rd7 27.Ne2 Qc7 28.Rh4 Qd8 29.Nd4 Qe7
30.Rf1 Rg8 31.Rf6 Rc7 32.Qf4  1-0

[Event "TCh-FIN 2003-4"]
[Site "Finland FIN"]
[Date "2004.02.14"]
[Round "7"]
[White "Vihinen,T"]
[Black "Alho,S"]
[Result "1-0"]
[WhiteElo "2182"]
[BlackElo "2084"]

1.e4 c5 2.c3 Nf6 3.e5 Nd5 4.d4 cxd4 5.Nf3 Nc6 6.Bc4 Nb6 7.Bb3 d6 8.exd6 Qxd6
9.O-O Bf5 10.Nxd4 Nxd4 11.cxd4 e6 12.Qf3 Qc6 13.Qg3 Bg6 14.Bf4 Rc8 15.Nc3 Bb4
16.d5 exd5 17.Rfe1+ Kf8 18.Rac1 Qd7 19.a3 Be7 20.a4 Bb4 21.a5 Bxa5 22.Bd6+ Kg8
23.Re7 Qf5 24.Bc2 Qf6 25.Rce1 h6 26.Bxg6 Qxg6 27.Qxg6 fxg6 28.Be5 Rh7 29.Bd4 Bb4
30.Rxb7 Nc4 31.Rxb4 Nd6 32.Nxd5 Kf8 33.Bxa7 g5 34.Rb8 Rxb8 35.Bxb8 Nf5 36.Ne3 Nd4
37.Be5 Nc6 38.Bc3 g6 39.f3 Rb7 40.Nc4  1-0

[Event "US Amateur Team East"]
[Site "Parsippany USA"]
[Date "2004.02.16"]
[Round "6"]
[White "Barnes,J"]
[Black "Garcia,Ad"]
[Result "1-0"]
[WhiteElo "2248"]
[BlackElo "2255"]

1.e4 c5 2.c3 Nf6 3.e5 Nd5 4.g3 Nc6 5.Bg2 e6 6.Nf3 d6 7.exd6 Bxd6 8.O-O O-O
9.Na3 e5 10.d3 Be7 11.Nc4 Bf6 12.Ne3 Nb6 13.Qc2 Qd6 14.Nc4 Qc7 15.Bg5 Bf5
16.Ne3 Bg6 17.Bxf6 gxf6 18.Nh4 Rad8 19.Nxg6 fxg6 20.f4 Rd6 21.Qb3+ Kg7 22.Bxc6 Rxc6
23.fxe5 Qxe5 24.Rae1 Qc7 25.Rf2 Rd6 26.Rfe2 Rf7 27.Ng2 g5 28.Ne3 Kg6 29.Qc2 f5
30.g4 fxg4 31.d4+ Kh5 32.Nf5 cxd4 33.Nxd6 Qxd6 34.Qd3 Rd7 35.h3 Qf4 36.hxg4+ Qxg4+
37.Rg2  1-0

[Event "2nd IM"]
[Site "Nancy FRA"]
[Date "2004.02.17"]
[Round "2"]
[White "Okhotnik,V"]
[Black "Paci,C"]
[Result "1-0"]
[WhiteElo "2445"]
[BlackElo "2240"]

1.e4 c5 2.c3 Nf6 3.e5 Nd5 4.Nf3 Nc6 5.Bc4 Nb6 6.Bb3 d5 7.exd6 Qxd6 8.d4 cxd4
9.O-O Be6 10.Bxe6 Qxe6 11.Nxd4 Qd7 12.Nxc6 Qxc6 13.Be3 Nc4 14.Qe2 Nxe3 15.Qxe3 e6
16.Nd2 Bc5 17.Qe2 O-O 18.a4 Rfd8 19.Rfd1 a6 20.Ne4 b5 21.axb5 axb5 22.Rxa8 Rxa8
23.Qf3 Rc8 24.Nxc5 Qxc5 25.Rd7 Rf8 26.b4 Qe5 27.g3 f5 28.Kg2 h6 29.Qd3 Rc8
30.Rd4 Qc7 31.Qxb5 Qxc3 32.Qe5 Qc6+ 33.Kh3 Re8 34.b5 Qb7 35.Rd6 Kf7 36.Rc6 Re7
37.Qc5 g5 38.g4 Qd7 39.Qc4 Qd1 40.Kg2 fxg4 41.Qe4 h5 42.Rc5 Qf3+ 43.Qxf3+ gxf3+
44.Kxf3 Kf6 45.b6 Rb7 46.Rb5 g4+ 47.Kf4 e5+ 48.Ke4 h4 49.Kd5 Kf5 50.Kc6  1-0

[Event "Tringov mem Open"]
[Site "Plovdiv BUL"]
[Date "2004.02.17"]
[Round "2"]
[White "Skoko,Mil"]
[Black "Dimitrov,V"]
[Result "0-1"]
[WhiteElo "2280"]
[BlackElo "2456"]

1.e4 c5 2.c3 Nf6 3.e5 Nd5 4.d4 cxd4 5.Nf3 e6 6.cxd4 d6 7.Bc4 Nb6 8.Bd3 N8d7
9.O-O dxe5 10.dxe5 Nc5 11.Bb5+ Bd7 12.Bxd7+ Qxd7 13.Qxd7+ Ncxd7 14.b3 Nd5
15.Ba3 h6 16.Bxf8 Kxf8 17.Rc1 g5 18.h3 Ke7 19.Nc3 Nf4 20.Rd1 Rhc8 21.Ne4 Rc2
22.Nd6 Rg8 23.Nxf7 Rg6 24.Nd4 Rb2 25.Nd6 Nxe5 26.Nc4 Nxc4 27.bxc4 g4 28.Rab1 Rxa2
29.Rxb7+ Kf6 30.hxg4 Rxg4 31.g3 h5 32.Rb8 Ng6 33.Rb3 Ne5 34.Rc3 Ra4 35.Nb5 Rgxc4
36.Rxc4 Nxc4 37.Rd4 a5 38.Rh4 Kg6 39.Nd4 Nd2 40.Kg2 e5 41.Nc6 Rxh4 42.gxh4 Nc4
43.Kf3 Kf5 44.Ke2 e4 45.Nd4+ Ke5 46.Nc2 Kf4 47.Nd4 a4 48.Nb5 a3 49.Nc3 Nd6
50.Nd5+ Ke5 51.Nb4 Nf5 52.f3 Nd4+ 53.Ke3 Nxf3  0-1